000 00854nam a2200277 i 4500
003 EG-GICUC
005 20260430202519.0
008 260430s1913 fr |||fr|||| 00| 0 fre d
040 _aEG-GiCUC
_bfre
_cEG-GiCUC
_dEG-GiCUC
_eRda
082 0 4 _221
_a343.38
_bCL . L
092 0 4 _221
099 _aLaw1 10 343.38 CL . L 1913
100 1 _aClerisse, R
_eAuteur
245 1 4 _aDes Limitations AU Droit De Réponse /
_cPar R. Clerisse.
264 1 _aParis :
_bA. Pedone,
_c1913.
300 _a169 page;
_c 24 cm.
336 _2rda contenu
_a texte
337 _2rda medias
_aOrdinateur
338 _2 transporteur rda
_a Ressource en ligne
650 1 _aDécisions Pénales
_2qrmak
650 1 _aDroit De Pénal
_2qrmak
651 1 _2qrmak
856 4 0 _uhttps://fll.law.cu.edu.eg/fulltext/bks/B10-10380.pdf
905 _a54
942 _2ddc
_cBK
_e21
_n0
999 _c74592
_d74592